Number Pattern Quiz - Statistics

General Stats
  • This quiz has been taken 15 times
  • The average score is 7 of 16
Answer Stats
Sequence Answer % Correct
2, 4, 8, ... 16. —(2^n)
100%
1, 2, 3, ... 4. —(n)
100%
3, 27, 81, ... 243. —(3^n)
83%
4, 9, 16, ... 25. —(n^2)
67%
4, 27, 256, ... 3125. —(n^n)
50%
21, 28, 36, ... 45. —(p+n)
50%
211, 33222, 4443333, ... 555544444. —(2n::n n+1 times)
50%
4, 5, 8, 8, 9, ... 9. —(number of letters to spell n + n)
42%
48, 8.89, 49, 9.44, 50, ... 10. —(n fahrenheit, n celcius)
33%
1, 2, 6, 24, 120, ... 720. —(p*n)
33%
10, 5, 20, 16, 21, 14, ... 11. —(number of letter in the alphabet spelling "JETPUNK")
25%
7, 19, 43, ... 91. —(p*2, +5)
25%
31, 28, 31, ... 30. —(days in month n)
17%
5, -11, 53 -203. —(p*-4, +9)
0%
12, 2111, 2121, ... 211. —(morse code: 2=long, 1=short)
0%
1, 18, 52, 120, 256, ... 528. —(p*8, -4, /4, +17)
0%
No matching quizzes found
Score Distribution
Percent of People with Each Score
Percentile by Number Answered
Your Score History
You have not taken this quiz